000 00292nam a22001217a 4500
082 _a001
_bCOM/G
100 _aCOMPETITION REVIEW
245 _aGENERAL KNOWLEDGE OBJECTIVE TYPE
260 _aDELHI
_bCOMPETITION REVIEW
_c2009
300 _a512
650 _aGENERAL KNOWLEDGE
_zINDIA
942 _cBK
999 _c6297
_d6297